Gaming Quiz

Random Gaming or Country Quiz

Name the countries in Civilization IV Quiz Stats

 Plays Quiz not verified by Sporcle

Challenge
Share
Tweet
Embed
Score 0/34 Timer 04:00
0 Plays Today
% Correct
China
97.7%
America
97.2%
England
95.8%
Russia
95.3%
Germany
95.1%
Japan
95.1%
France
94.9%
Rome
91.2%
Spain
91.2%
Greece
90.5%
India
89.5%
Aztecs
88.8%
Egypt
86.7%
Mongolia
83%
Inca
81.9%
Zululand
79.5%
Portugal
77.9%
% Correct
Persia
75.6%
Maya
71.9%
Arabia
70.9%
Viking
69.3%
Korea
68.1%
Dutch
67.7%
Ottoman
66%
Mali
65.1%
Babylon
62.8%
Celts
54.4%
Carthage
53.5%
Native American
52.1%
Ethiopia
50%
Holy Roman Empire
48.8%
Khmer
47.2%
Byzantium
44%
Sumeria
37.9%

You're not logged in!

Compare scores with friends on all Sporcle quizzes.
Join for Free
OR
Log In

You Might Also Like...

Show Comments

Extras

Top Quizzes Today


Score Distribution

Your Account Isn't Verified!

In order to create a playlist on Sporcle, you need to verify the email address you used during registration. Go to your Sporcle Settings to finish the process.

Report this User

Report this user for behavior that violates our Community Guidelines.

Details: